[Event "PMPJ 2022 - C13"]
[Site "Jastrzebia Gora"]
[Date "2022.11.12"]
[Round "7.11"]
[White "Protas, Jakub"]
[Black "Chomicki, Kornel"]
[Result "1/2-1/2"]
[BlackElo "1313"]
[WhiteElo "1124"]
[LiveChessVersion "1.4.4"]

1. e4 {[%clk 1:30:57]} e5 {[%clk 1:30:55]} 2. Nf3 {[%clk 1:31:14]} Nc6
{[%clk 1:31:10]} 3. Bb5 {[%clk 1:31:28]} a6 {[%clk 1:31:06]} 4. Bxc6
{[%clk 1:31:46]} dxc6 {[%clk 1:31:20]} 5. Nc3 {[%clk 1:31:55]} Qd6
{[%clk 1:23:59]} 6. d3 {[%clk 1:28:21]} Nf6 {[%clk 1:17:50]} 7. Be3
{[%clk 1:23:06]} c5 {[%clk 1:06:30]} 8. Qd2 {[%clk 1:18:23]} Bg4 {[%clk 0:59:59]}
9. h3 {[%clk 1:14:41]} Bxf3 {[%clk 0:59:23]} 10. gxf3 {[%clk 1:13:39]} Qc6
{[%clk 0:53:10]} 11. f4 {[%clk 1:06:21]} Bd6 {[%clk 0:41:43]} 12. Rg1 Rg8 13.
O-O-O {[%clk 0:57:22]} O-O-O {[%clk 0:37:16]} 14. f5 h6 {[%clk 0:36:27]} 15. f3
{[%clk 0:46:26]} Kb8 {[%clk 0:25:11]} 16. Rg2 {[%clk 0:41:13]} Bf8 17. Qe2 Rh8
{[%clk 0:14:05]} 18. Kb1 Rh7 19. Rdg1 Ne8 20. Qf2 {[%clk 0:27:22]} b6
{[%clk 0:11:44]} 21. Nd5 f6 {[%clk 0:10:49]} 22. b3 {[%clk 0:19:25]} Qb7
{[%clk 0:09:59]} 23. Rd1 c6 24. Nc3 Ka8 25. Rgg1 Nc7 26. f4 {[%clk 0:14:00]} Be7
{[%clk 0:05:45]} 27. fxe5 {[%clk 0:12:42]} fxe5 {[%clk 0:06:06]} 28. Qg3
{[%clk 0:12:41]} Bf6 {[%clk 0:06:11]} 29. Qf2 {[%clk 0:11:07]} Nb5
{[%clk 0:05:48]} 30. Nxb5 {[%clk 0:11:14]} cxb5 {[%clk 0:05:57]} 31. Qe2
{[%clk 0:09:31]} b4 {[%clk 0:05:10]} 32. Bf2 {[%clk 0:08:07]} Rhh8
{[%clk 0:04:38]} 33. Qe3 {[%clk 0:05:59]} Rd6 {[%clk 0:04:10]} 34. Qe2
{[%clk 0:04:40]} Rhd8 {[%clk 0:04:24]} 35. Rgf1 {[%clk 0:03:59]} Qa7
{[%clk 0:04:33]} 36. Bg1 {[%clk 0:03:32]} a5 {[%clk 0:04:27]} 37. Be3
{[%clk 0:03:06]} Kb7 {[%clk 0:04:35]} 38. Kb2 {[%clk 0:02:38]} Qa6
{[%clk 0:04:43]} 39. Rg1 {[%clk 0:02:22]} Qb5 {[%clk 0:04:29]} 40. Qh5
{[%clk 0:01:42]} Qe8 {[%clk 0:04:31]} 41. Qxe8 {[%clk 0:01:45]} Rxe8
{[%clk 0:04:58]} 42. a3 {[%clk 0:01:42]} bxa3+ {[%clk 0:05:23]} 43. Kxa3
{[%clk 0:02:08]} Kc6 {[%clk 0:05:46]} 44. Kb2 {[%clk 0:02:00]} Red8
{[%clk 0:05:46]} 45. Ra1 {[%clk 0:02:04]} Kb5 {[%clk 0:05:36]} 46. Ra4
{[%clk 0:02:03]} Kc6 {[%clk 0:06:09]} 47. Bd2 {[%clk 0:02:02]} Rd4
{[%clk 0:05:32]} 48. Raa1 {[%clk 0:02:03]} Kb7 {[%clk 0:04:38]} 49. Be3
{[%clk 0:02:11]} R4d7 {[%clk 0:04:29]} 50. Bd2 {[%clk 0:02:00]} Ra8
{[%clk 0:04:49]} 51. Rgf1 {[%clk 0:01:40]} Kb8 {[%clk 0:04:53]} 52. Ra2
{[%clk 0:01:44]} Rda7 {[%clk 0:05:07]} 53. Rfa1 {[%clk 0:02:01]} Kb7
{[%clk 0:05:20]} 54. Bc3 {[%clk 0:01:44]} Rh8 {[%clk 0:05:01]} 55. Rg1
{[%clk 0:01:48]} Ra6 {[%clk 0:05:07]} 56. Bd2 {[%clk 0:01:55]} Kc6
{[%clk 0:05:12]} 57. Bc3 {[%clk 0:01:49]} Kb5 {[%clk 0:04:13]} 58. Bd2
{[%clk 0:02:08]} Rha8 {[%clk 0:04:32]} 59. Rga1 {[%clk 0:02:19]} Kc6
{[%clk 0:04:19]} 60. Bc3 {[%clk 0:02:28]} Kd6 {[%clk 0:04:39]} 61. Bd2
{[%clk 0:02:36]} Kd7 {[%clk 0:03:43]} 62. Bc3 {[%clk 0:02:35]} Ke7
{[%clk 0:03:59]} 63. Bd2 {[%clk 0:02:35]} Kd6 {[%clk 0:03:12]} 64. Bc3
{[%clk 0:02:45]} Bd8 {[%clk 0:03:29]} 65. Rg1 {[%clk 0:02:46]} R8a7
{[%clk 0:03:11]} 66. Bd2 {[%clk 0:02:23]} Bf6 {[%clk 0:03:01]} 67. Rga1
{[%clk 0:02:33]} Ke7 {[%clk 0:02:56]} 68. Be3 {[%clk 0:02:02]} Kd6
{[%clk 0:02:59]} 69. Bd2 {[%clk 0:02:16]} Ra8 {[%clk 0:02:55]} 70. Bc3
{[%clk 0:02:15]} R6a7 {[%clk 0:03:13]} 71. Bd2 {[%clk 0:02:22]} Kc6
{[%clk 0:02:59]} 72. Bc3 {[%clk 0:02:22]} Rd8 {[%clk 0:03:18]} 73. Rg1
{[%clk 0:02:22]} Re7 {[%clk 0:03:31]} 74. Bd2 {[%clk 0:02:01]} Red7
{[%clk 0:03:30]} 75. Be3 {[%clk 0:01:44]} Rf8 {[%clk 0:03:03]} 76. Raa1
{[%clk 0:01:04]} Ra7 {[%clk 0:01:44]} 77. Rg6 {[%clk 0:00:45]} Raf7
{[%clk 0:01:54]} 78. Rgg1 {[%clk 0:00:59]} Ra8 {[%clk 0:02:15]} 79. Ra2
{[%clk 0:01:11]} b5 {[%clk 0:02:00]} 80. Rga1 {[%clk 0:01:17]} Rfa7
{[%clk 0:02:07]} 81. b4 {[%clk 0:01:19]} a4 {[%clk 0:01:42]} 82. Bxc5
{[%clk 0:01:34]} Rd7 {[%clk 0:01:42]} 83. Rg1 {[%clk 0:01:43]} 1/2-1/2

[Event "PMPJ 2022 - C13"]
[Site "Jastrzebia Gora"]
[Date "2022.11.12"]
[Round "7.12"]
[White "Kryston, Aleksander"]
[Black "Glaz, Michal"]
[Result "0-1"]
[BlackElo "1365"]
[WhiteElo "1323"]
[LiveChessVersion "1.4.4"]

1. d4 d5 2. c4 e6 3. Nf3 c6 4. Nbd2 Bb4 5. g3 dxc4 6. Qc2 b5 7. Bg2 Bb7 8. O-O
Nf6 9. b3 Bxd2 10. Bxd2 cxb3 11. axb3 O-O 12. e4 h6 13. h3 a6 14. g4 c5 15. e5
Ne4 16. Ba5 Qd7 17. dxc5 Ng5 18. Nxg5 hxg5 19. Rfd1 Qc8 20. Rd6 Bxg2 21. Kxg2 Nc6
22. Qc3 Qb7 23. Qf3 Rfc8 24. b4 Rab8 25. Rad1 Nxa5 26. bxa5 Qxf3+ 27. Kxf3 Rxc5
28. Rxa6 b4 29. Rb6 Rxb6 30. axb6 Rb5 31. Rb1 Rxb6 32. Rb3 Rb5 33. Ke4 Kf8 34.
Kd4 Ke7 35. f3 Kd7 36. Ke4 Kc6 37. Kd4 Rd5+ 38. Kc4 Rxe5 39. Kxb4 Rb5+ 40. Kc4
Rxb3 41. Kxb3 Kd5 42. Kc3 Ke5 43. Kd3 Kf4 44. Ke2 Kg3 45. Ke3 Kxh3 46. Ke4 Kg3
47. Ke3 f5 0-1

[Event "PMPJ 2022 - C13"]
[Site "Jastrzebia Gora"]
[Date "2022.11.12"]
[Round "7.13"]
[White "Raszkiewicz, Wiktor"]
[Black "Fil, Grzegorz"]
[Result "1/2-1/2"]
[BlackElo "1140"]
[WhiteElo "1221"]
[LiveChessVersion "1.4.4"]

1. d4 d5 2. c4 c6 3. cxd5 cxd5 4. Nc3 Nc6 5. Bf4 Bf5 6. e3 e6 7. Bb5 a6 8. Bxc6+
bxc6 9. Nf3 Bd6 10. Bxd6 Qxd6 11. O-O Ne7 12. Rc1 Rb8 13. Na4 O-O 14. Nh4 Rfc8
15. Nxf5 Nxf5 16. Qe2 Rb5 17. Rc2 e5 18. dxe5 Qxe5 19. Qd3 Ne7 20. Rd1 c5 21. Nc3
c4 22. Qd4 Qxd4 23. Rxd4 Ra5 24. a3 f5 25. Rcd2 Rcc5 26. Rd1 Kf7 27. f4 Ke6 28.
Kf2 Rc8 29. Kf3 Rac5 30. R4d2 Rd8 31. Rb1 {[%clk 0:36:17]} Ke5 {[%clk 0:30:11]}
1/2-1/2

[Event "PMPJ 2022 - C13"]
[Site "Jastrzebia Gora"]
[Date "2022.11.12"]
[Round "7.14"]
[White "Wiecek, Dominik"]
[Black "Michalak, Leon"]
[Result "1/2-1/2"]
[BlackElo "1147"]
[WhiteElo "1077"]
[LiveChessVersion "1.4.4"]

1. e4 e5 2. Nf3 Nc6 3. d4 exd4 4. Nxd4 Bc5 5. Nb3 Bb6 6. Nc3 Nge7 7. Qe2 d6 8.
Be3 Be6 9. g3 Qd7 10. Bg2 Bg4 11. f3 Be6 12. O-O-O O-O-O 13. Nd5 Rhe8 14. Nxb6+
axb6 15. Nd4 Nxd4 16. Rxd4 Nc6 17. Rd2 Qe7 18. a3 Rd7 19. f4 f5 20. e5 dxe5 21.
Bxc6 bxc6 22. Qa6+ Kb8 23. fxe5 Bd5 24. Rhd1 Qxe5 25. Bf4 Qe7 26. c4 Be6 27. Rxd7
Bxd7 28. Bxc7+ Kxc7 29. Qa7+ Kc8 30. Qa8+ Kc7 31. Qa7+ 1/2-1/2

[Event "PMPJ 2022 - C13"]
[Site "Jastrzebia Gora"]
[Date "2022.11.12"]
[Round "7.15"]
[White "Jodlowski, Robert"]
[Black "Nagly, Krzysztof"]
[Result "1-0"]
[BlackElo "1306"]
[WhiteElo "1302"]
[LiveChessVersion "1.4.4"]

1. h3 d5 2. Nf3 c5 3. d3 Nc6 4. b3 Nf6 5. Bb2 e6 6. g3 Be7 7. Bg2 O-O 8. O-O Qc7
9. Nbd2 b6 10. Re1 Bb7 11. e4 d4 12. Nh2 e5 13. Rf1 Bd6 14. Nc4 Ne7 15. Nxd6 Qxd6
16. f4 g6 17. g4 Bc6 18. f5 b5 19. g5 Nh5 20. f6 Nc8 21. Bf3 Nf4 22. Bc1 Nxh3+
23. Kg2 Bd7 24. Ng4 Bxg4 25. Bxg4 Nf4+ 26. Bxf4 exf4 27. Rh1 Qe5 28. Rxh7 1-0

[Event "PMPJ 2022 - C13"]
[Site "Jastrzebia Gora"]
[Date "2022.11.12"]
[Round "7.17"]
[White "Kwiatkowski, Michal"]
[Black "Jasion, Wiktor"]
[Result "1-0"]
[BlackElo "1180"]
[WhiteElo "1198"]
[LiveChessVersion "1.4.4"]

1. d4 Nf6 2. c4 g6 3. Nf3 Bg7 4. Nc3 O-O 5. g3 d6 6. Bg2 c5 7. dxc5 dxc5 8. Qxd8
Rxd8 9. Bf4 Nh5 10. Bd2 Be6 11. b3 Bg4 12. h3 Bc8 13. Rd1 Bxc3 14. Bxc3 Rxd1+ 15.
Kxd1 a6 16. Ne5 f6 17. Nd3 Nd7 18. Bd2 e5 19. Be3 Rb8 20. Nxc5 Nxc5 21. Bxc5 Kf7
22. Bb6 Ra8 23. Kc2 Ke8 24. Rd1 1-0

[Event "PMPJ 2022 - C13"]
[Site "Jastrzebia Gora"]
[Date "2022.11.12"]
[Round "7.18"]
[White "Warchol, Wiktor"]
[Black "Bastock, Luis"]
[Result "1/2-1/2"]
[BlackElo "1035"]
[WhiteElo "1254"]
[LiveChessVersion "1.4.4"]

1. e4 c5 2. Nf3 d6 3. d4 cxd4 4. Nxd4 Nf6 5. Nc3 a6 6. Bd3 b5 7. a3 e6 8. O-O Be7
9. Nf3 Nbd7 10. Re1 Bb7 11. Bf4 O-O 12. e5 dxe5 13. Nxe5 Bc5 14. Nxd7 Nxd7 15.
Be4 Qb6 16. Re2 Rfd8 17. Bxb7 Qxb7 18. Be3 h6 19. Bxc5 Nxc5 20. Rd2 Qb6 21. Rxd8+
Rxd8 22. Qe2 b4 23. axb4 Qxb4 24. Rd1 Rxd1+ 25. Nxd1 Kf8 26. Kf1 Ke7 27. Qe1
Qxe1+ 28. Kxe1 Kd6 29. Kd2 Kd5 30. Ne3+ Kc6 31. Nc4 Kd5 32. b3 1/2-1/2

[Event "PMPJ 2022 - C13"]
[Site "Jastrzebia Gora"]
[Date "2022.11.12"]
[Round "8.1"]
[White "Zielonka, Adam"]
[Black "Bochniak, Franciszek"]
[Result "1/2-1/2"]
[BlackElo "1839"]
[WhiteElo "2058"]
[LiveChessVersion "1.4.4"]

1. e4 {[%clk 1:30:59]} c5 {[%clk 1:30:55]} 2. Nf3 {[%clk 1:31:24]} d6
{[%clk 1:31:22]} 3. Bb5+ {[%clk 1:31:50]} Bd7 {[%clk 1:31:47]} 4. Bxd7+
{[%clk 1:32:15]} Qxd7 {[%clk 1:32:14]} 5. c4 {[%clk 1:32:40]} Nc6
{[%clk 1:31:49]} 6. d4 {[%clk 1:33:04]} cxd4 {[%clk 1:32:13]} 7. Nxd4
{[%clk 1:33:33]} Nf6 {[%clk 1:32:00]} 8. Nc3 {[%clk 1:33:58]} g6 {[%clk 1:32:04]}
9. h3 {[%clk 1:34:27]} Bg7 {[%clk 1:31:01]} 10. Be3 {[%clk 1:34:45]} O-O
{[%clk 1:30:57]} 11. O-O {[%clk 1:35:13]} Rac8 {[%clk 1:23:23]} 12. b3
{[%clk 1:33:21]} Nxd4 {[%clk 1:19:48]} 13. Bxd4 {[%clk 1:33:44]} b6
{[%clk 1:16:58]} 14. Qd2 {[%clk 1:31:02]} Qb7 {[%clk 1:13:29]} 15. Rfe1
{[%clk 1:28:13]} Nd7 {[%clk 1:11:15]} 16. Nd5 {[%clk 1:23:00]} Nc5
{[%clk 1:10:08]} 17. Bxg7 {[%clk 1:23:07]} Kxg7 {[%clk 1:05:24]} 18. Qc3+
{[%clk 1:23:35]} f6 {[%clk 1:01:03]} 19. b4 {[%clk 1:18:01]} Ne6 {[%clk 0:56:40]}
20. Qd3 {[%clk 1:16:51]} Rfe8 {[%clk 0:53:50]} 21. Rec1 {[%clk 1:09:38]} Nd8
{[%clk 0:43:52]} 22. Rab1 {[%clk 0:46:36]} Qd7 {[%clk 0:28:26]} 23. Rb3
{[%clk 0:41:53]} Nc6 {[%clk 0:28:15]} 24. c5 {[%clk 0:32:50]} Ne5
{[%clk 0:21:31]} 25. Qe3 {[%clk 0:32:08]} e6 {[%clk 0:20:26]} 26. Nf4
{[%clk 0:32:24]} dxc5 {[%clk 0:20:31]} 27. bxc5 {[%clk 0:32:48]} bxc5
{[%clk 0:20:46]} 28. Rxc5 {[%clk 0:33:13]} Rxc5 {[%clk 0:21:00]} 29. Qxc5
{[%clk 0:33:41]} Rc8 {[%clk 0:21:29]} 30. Qb5 {[%clk 0:32:35]} Rc1+
{[%clk 0:17:06]} 31. Kh2 {[%clk 0:32:58]} Qd6 {[%clk 0:14:45]} 32. Qb8
{[%clk 0:30:19]} Nf7 {[%clk 0:13:49]} 33. Qxd6 {[%clk 0:30:17]} Nxd6
{[%clk 0:14:18]} 1/2-1/2

[Event "PMPJ 2022 - C13"]
[Site "Jastrzebia Gora"]
[Date "2022.11.12"]
[Round "8.2"]
[White "Nocek, Dominik"]
[Black "Terkiewicz, Bruno"]
[Result "0-1"]
[BlackElo "1839"]
[WhiteElo "1605"]
[LiveChessVersion "1.4.4"]

1. e4 {[%clk 1:30:57]} c6 {[%clk 1:30:58]} 2. d4 {[%clk 1:31:20]} d5
{[%clk 1:31:26]} 3. e5 {[%clk 1:31:45]} Bf5 {[%clk 1:31:53]} 4. h4
{[%clk 1:32:08]} h5 {[%clk 1:32:20]} 5. Bd3 {[%clk 1:32:31]} Bxd3
{[%clk 1:32:47]} 6. Qxd3 {[%clk 1:32:54]} Qa5+ {[%clk 1:33:13]} 7. b4
{[%clk 1:33:15]} Qa6 {[%clk 1:25:34]} 8. Qb3 {[%clk 1:33:39]} e6 {[%clk 1:24:51]}
9. Nf3 {[%clk 1:34:02]} Nh6 {[%clk 1:21:26]} 10. a4 {[%clk 1:26:29]} Qb6
{[%clk 1:14:49]} 11. c3 {[%clk 1:17:38]} a5 {[%clk 1:12:59]} 12. b5
{[%clk 1:09:42]} Nf5 {[%clk 1:12:26]} 13. O-O {[%clk 1:07:11]} Nd7
{[%clk 1:08:24]} 14. Ba3 {[%clk 0:57:44]} c5 {[%clk 1:03:21]} 15. Rd1
{[%clk 0:55:28]} Be7 {[%clk 1:02:11]} 16. g3 {[%clk 0:54:01]} O-O
{[%clk 1:00:52]} 17. Nbd2 {[%clk 0:49:15]} cxd4 {[%clk 0:56:12]} 18. Bxe7
{[%clk 0:49:34]} Nxe7 {[%clk 0:56:39]} 19. cxd4 {[%clk 0:49:54]} Nf5
{[%clk 0:56:38]} 20. Qd3 {[%clk 0:48:56]} Rfc8 {[%clk 0:56:43]} 21. Rac1
{[%clk 0:48:14]} Qd8 {[%clk 0:55:44]} 22. Nb3 {[%clk 0:44:51]} Nb6
{[%clk 0:53:23]} 23. Nc5 {[%clk 0:43:16]} Nc4 {[%clk 0:52:20]} 24. Rc2
{[%clk 0:33:28]} Qe7 {[%clk 0:48:11]} 25. Nb3 {[%clk 0:23:13]} Qb4
{[%clk 0:46:09]} 26. Ra1 {[%clk 0:21:13]} b6 {[%clk 0:31:10]} 27. Qc3
{[%clk 0:15:58]} Qxc3 {[%clk 0:24:57]} 28. Rxc3 {[%clk 0:16:26]} Nb2
{[%clk 0:25:19]} 29. Rxc8+ {[%clk 0:12:33]} Rxc8 {[%clk 0:25:44]} 30. Ra2 Rc3
{[%clk 0:26:00]} 31. Rxb2 {[%clk 0:08:52]} Rxf3 {[%clk 0:26:23]} 32. Nxa5
{[%clk 0:08:42]} Ra3 {[%clk 0:15:40]} 33. Rb4 {[%clk 0:06:36]} bxa5
{[%clk 0:11:10]} 34. b6 {[%clk 0:07:01]} Nxd4 {[%clk 0:11:18]} 35. b7
{[%clk 0:04:12]} Nc6 {[%clk 0:11:42]} 36. Rb6 {[%clk 0:04:26]} Nb8
{[%clk 0:11:41]} 37. Rd6 {[%clk 0:04:54]} Rxa4 {[%clk 0:10:10]} 38. Rd8+
{[%clk 0:05:19]} Kh7 {[%clk 0:10:36]} 39. Rxb8 {[%clk 0:05:46]} Rb4
{[%clk 0:10:57]} 40. Ra8 {[%clk 0:04:13]} Rxb7 {[%clk 0:11:22]} 41. Rxa5
{[%clk 0:04:41]} Kg6 {[%clk 0:11:36]} 42. Ra1 {[%clk 0:03:20]} Kf5
{[%clk 0:11:45]} 43. Re1 {[%clk 0:03:08]} Rb2 {[%clk 0:11:52]} 44. Kg2
{[%clk 0:02:50]} d4 {[%clk 0:10:53]} 45. Kf3 {[%clk 0:00:54]} Rb5
{[%clk 0:10:44]} 46. Rd1 {[%clk 0:00:33]} Rb3+ {[%clk 0:10:50]} 47. Ke2
{[%clk 0:00:39]} Kxe5 {[%clk 0:11:13]} 48. Rc1 {[%clk 0:00:55]} g6
{[%clk 0:08:42]} 49. Rc7 {[%clk 0:00:41]} Kf6 {[%clk 0:09:06]} 50. Rd7
{[%clk 0:00:45]} e5 {[%clk 0:09:10]} 51. Rd6+ {[%clk 0:01:08]} Ke7
{[%clk 0:09:33]} 52. Rd5 {[%clk 0:00:39]} Ke6 {[%clk 0:09:59]} 53. Rd8
{[%clk 0:01:02]} Rb2+ {[%clk 0:09:55]} 54. Ke1 {[%clk 0:01:26]} Rb7
{[%clk 0:10:01]} 0-1

[Event "PMPJ 2022 - C13"]
[Site "Jastrzebia Gora"]
[Date "2022.11.12"]
[Round "8.3"]
[White "Klim, Juliusz"]
[Black "Grobelny, Mikolaj"]
[Result "1-0"]
[BlackElo "1493"]
[WhiteElo "1485"]
[LiveChessVersion "1.4.4"]

1. e4 {[%clk 1:30:59]} e5 {[%clk 1:29:49]} 2. Nf3 {[%clk 1:31:27]} Nc6
{[%clk 1:30:04]} 3. Bc4 {[%clk 1:31:56]} Bc5 {[%clk 1:30:30]} 4. c3
{[%clk 1:32:24]} Nf6 {[%clk 1:30:53]} 5. d3 {[%clk 1:32:53]} O-O {[%clk 1:30:33]}
6. Nbd2 {[%clk 1:33:17]} a5 {[%clk 1:30:56]} 7. Bb3 {[%clk 1:32:49]} d6
{[%clk 1:30:22]} 8. h3 {[%clk 1:32:44]} h6 {[%clk 1:29:49]} 9. Nf1
{[%clk 1:31:54]} d5 {[%clk 1:25:06]} 10. exd5 {[%clk 1:28:49]} Nxd5
{[%clk 1:25:22]} 11. Ng3 {[%clk 1:26:42]} Be6 {[%clk 1:18:22]} 12. O-O
{[%clk 1:25:19]} f6 {[%clk 1:11:09]} 13. Re1 {[%clk 1:21:01]} Qd7
{[%clk 1:08:47]} 14. Nh4 {[%clk 1:16:36]} Rad8 {[%clk 1:00:48]} 15. Qf3
{[%clk 1:11:50]} Nce7 {[%clk 0:52:49]} 16. Qe4 {[%clk 1:04:57]} Bd6
{[%clk 0:46:25]} 17. Nhf5 {[%clk 0:59:50]} Nxf5 {[%clk 0:43:06]} 18. Nxf5
{[%clk 0:59:45]} Bxf5 {[%clk 0:42:45]} 19. Qxd5+ {[%clk 0:58:35]} Kh8
{[%clk 0:42:27]} 20. Qxa5 {[%clk 0:57:43]} Bxd3 {[%clk 0:40:42]} 21. Be3
{[%clk 0:57:00]} b6 {[%clk 0:39:03]} 22. Qd5 {[%clk 0:56:15]} e4 {[%clk 0:36:09]}
23. Qh5 {[%clk 0:55:37]} Rde8 {[%clk 0:32:07]} 24. Rad1 {[%clk 0:52:48]} Re5
{[%clk 0:23:55]} 25. Qh4 {[%clk 0:50:00]} c5 {[%clk 0:20:01]} 26. Rd2
{[%clk 0:46:12]} Kh7 {[%clk 0:16:36]} 27. Red1 {[%clk 0:42:06]} f5
{[%clk 0:13:26]} 28. Bf4 {[%clk 0:33:57]} Re7 {[%clk 0:10:36]} 29. Bc4
{[%clk 0:29:04]} Bxf4 {[%clk 0:08:45]} 30. Qxf4 {[%clk 0:29:03]} g5
{[%clk 0:03:14]} 31. Qh2 {[%clk 0:25:16]} b5 {[%clk 0:01:31]} 32. Bxd3
{[%clk 0:24:08]} exd3 {[%clk 0:01:50]} 33. Qg3 {[%clk 0:22:05]} c4
{[%clk 0:02:12]} 34. Kh2 {[%clk 0:21:13]} Rfe8 {[%clk 0:01:44]} 35. b3
{[%clk 0:18:45]} Qc7 {[%clk 0:01:28]} 36. Qxc7 {[%clk 0:16:03]} Rxc7
{[%clk 0:01:57]} 37. a4 {[%clk 0:15:10]} cxb3 {[%clk 0:00:48]} 38. axb5
{[%clk 0:15:29]} Rxc3 {[%clk 0:00:50]} 39. Rxd3 {[%clk 0:15:58]} Rec8
{[%clk 0:01:02]} 40. Rxc3 {[%clk 0:16:18]} Rxc3 {[%clk 0:01:18]} 41. Rb1
{[%clk 0:16:46]} Rc7 {[%clk 0:01:26]} 42. Rxb3 {[%clk 0:17:12]} Rb7
{[%clk 0:01:53]} 43. Kg3 {[%clk 0:17:34]} Kg6 {[%clk 0:02:09]} 44. f4
{[%clk 0:16:32]} Rb6 {[%clk 0:01:59]} 45. fxg5 {[%clk 0:16:52]} hxg5
{[%clk 0:02:18]} 46. h4 {[%clk 0:15:22]} Kh5 {[%clk 0:01:19]} 47. hxg5
{[%clk 0:15:23]} Kxg5 {[%clk 0:01:45]} 48. Kf3 {[%clk 0:15:29]} Kf6
{[%clk 0:00:39]} 49. Kf4 {[%clk 0:15:51]} Rb8 {[%clk 0:00:48]} 50. b6
{[%clk 0:16:09]} Rb7 {[%clk 0:01:14]} 51. Rb5 {[%clk 0:16:31]} Kg6
{[%clk 0:00:45]} 52. Rb2 {[%clk 0:16:56]} Kf6 {[%clk 0:00:53]} 53. Rb3
{[%clk 0:17:23]} Kg6 {[%clk 0:01:04]} 54. Rb5 {[%clk 0:17:52]} Kf6
{[%clk 0:00:57]} 55. Rxf5+ {[%clk 0:18:15]} Kg6 {[%clk 0:01:24]} 56. Rb5
{[%clk 0:18:41]} Kf6 {[%clk 0:01:46]} 57. g4 {[%clk 0:19:07]} Kg6
{[%clk 0:02:04]} 58. Ke5 {[%clk 0:19:11]} Kf7 {[%clk 0:02:14]} 59. Kd6
{[%clk 0:19:36]} Ke8 {[%clk 0:02:12]} 60. Kc6 {[%clk 0:19:58]} 1-0

[Event "PMPJ 2022 - C13"]
[Site "Jastrzebia Gora"]
[Date "2022.11.12"]
[Round "8.4"]
[White "Przybylski, Jan"]
[Black "Kowalski, Witold"]
[Result "1-0"]
[BlackElo "1528"]
[WhiteElo "1638"]
[LiveChessVersion "1.4.4"]

1. e4 {[%clk 1:30:57]} c5 {[%clk 1:30:57]} 2. Nf3 {[%clk 1:31:21]} e6
{[%clk 1:31:05]} 3. d4 {[%clk 1:31:45]} cxd4 {[%clk 1:31:27]} 4. Nxd4
{[%clk 1:32:14]} Nc6 {[%clk 1:31:44]} 5. Nc3 {[%clk 1:32:26]} Qc7
{[%clk 1:31:54]} 6. Be3 {[%clk 1:31:44]} a6 {[%clk 1:32:08]} 7. Be2
{[%clk 1:30:44]} b5 {[%clk 1:31:44]} 8. a3 {[%clk 1:29:06]} Bb7 {[%clk 1:25:16]}
9. O-O {[%clk 1:28:20]} Nf6 {[%clk 1:25:06]} 10. Nxc6 {[%clk 1:14:34]} Qxc6
{[%clk 1:14:56]} 11. Bf3 {[%clk 1:14:06]} d5 {[%clk 0:59:22]} 12. exd5
{[%clk 1:09:39]} Nxd5 {[%clk 0:57:53]} 13. Nxd5 {[%clk 1:08:58]} exd5
{[%clk 0:58:20]} 14. Re1 {[%clk 1:06:34]} Bd6 {[%clk 0:33:30]} 15. Bd4+
{[%clk 0:46:59]} Kf8 {[%clk 0:31:07]} 16. Qd2 {[%clk 0:46:42]} Bc5
{[%clk 0:23:05]} 17. c3 {[%clk 0:46:16]} Rd8 {[%clk 0:20:36]} 18. Qe3
{[%clk 0:41:21]} Rc8 {[%clk 0:15:40]} 19. Bg4 {[%clk 0:40:25]} Bxd4
{[%clk 0:15:21]} 20. Qe7+ {[%clk 0:40:13]} Kg8 {[%clk 0:12:46]} 21. Bxc8
{[%clk 0:40:07]} Bc5 {[%clk 0:09:10]} 22. Qxb7 {[%clk 0:37:21]} Bxf2+
{[%clk 0:08:56]} 23. Kh1 {[%clk 0:36:45]} Qxb7 {[%clk 0:09:10]} 24. Re8#
{[%clk 0:37:14]} 1-0

[Event "PMPJ 2022 - C13"]
[Site "Jastrzebia Gora"]
[Date "2022.11.12"]
[Round "8.5"]
[White "Rajlich, Vaclav"]
[Black "Wojtacha, Krzysztof"]
[Result "1/2-1/2"]
[BlackElo "1506"]
[WhiteElo "1488"]
[LiveChessVersion "1.4.4"]

1. e4 c5 2. Be2 Nc6 3. f4 e6 4. d3 g6 5. Nf3 Bg7 6. c3 d5 7. e5 Nge7 8. O-O O-O
9. Na3 a6 10. Nc2 b6 11. Qe1 Bb7 12. g4 f5 13. g5 Rb8 14. h4 Kf7 15. h5 Rh8 16.
Nh4 Qc7 17. Qg3 Ba8 18. Be3 Na7 19. d4 c4 20. Kf2 b5 21. a3 a5 22. Bd2 Nac6 23.
Ng2 Qb6 24. Qe3 Bb7 25. Rh1 Rbd8 26. Rh3 Bc8 27. Rah1 Bd7 28. Nh4 Qb8 29. Bf3
Rdf8 30. h6 Bxe5 31. dxe5 Qb7 32. Bg2 Rc8 33. Nf3 Nb8 34. Nfd4 Na6 35. Ra1 Nc5
36. Ne1 a4 37. Bf3 Rhg8 38. Bd1 Rh8 39. Bc2 Rc7 40. Nef3 Nc8 41. Ng1 Nb6 42. Nge2
Nc8 43. Nc1 Ne7 44. Na2 Nc8 45. Nb4 Ne7 46. Ke2 Rcc8 47. Qf2 Rc7 48. Be3 Rhc8
1/2-1/2

[Event "PMPJ 2022 - C13"]
[Site "Jastrzebia Gora"]
[Date "2022.11.12"]
[Round "8.6"]
[White "Rzap, Filip"]
[Black "Jaszczuk, Piotr"]
[Result "0-1"]
[BlackElo "1512"]
[WhiteElo "1386"]
[LiveChessVersion "1.4.4"]

1. d4 {[%clk 1:30:58]} Nf6 {[%clk 1:30:54]} 2. c4 {[%clk 1:31:25]} e6
{[%clk 1:31:18]} 3. Nf3 {[%clk 1:31:51]} b6 {[%clk 1:31:41]} 4. g3
{[%clk 1:32:16]} Bb7 {[%clk 1:31:47]} 5. Bg2 {[%clk 1:32:42]} Bb4+
{[%clk 1:31:47]} 6. Bd2 {[%clk 1:33:06]} Bxd2+ {[%clk 1:32:01]} 7. Qxd2
{[%clk 1:33:30]} d6 {[%clk 1:31:56]} 8. Nc3 {[%clk 1:33:48]} Nbd7
{[%clk 1:31:48]} 9. O-O {[%clk 1:31:42]} O-O {[%clk 1:23:12]} 10. Qc2
{[%clk 1:26:54]} Re8 {[%clk 1:15:22]} 11. e4 {[%clk 1:19:04]} e5 {[%clk 1:08:46]}
12. Rfe1 {[%clk 1:11:56]} a6 {[%clk 1:06:52]} 13. Rad1 {[%clk 1:03:16]} Qe7
{[%clk 1:02:49]} 14. Nd5 {[%clk 1:02:36]} Nxd5 {[%clk 1:01:02]} 15. cxd5
{[%clk 0:55:38]} Rac8 {[%clk 0:55:51]} 16. dxe5 {[%clk 0:48:32]} dxe5
{[%clk 0:54:26]} 17. Nh4 {[%clk 0:45:52]} g6 {[%clk 0:48:39]} 18. Bh3
{[%clk 0:39:23]} Qd6 {[%clk 0:37:03]} 19. Re3 {[%clk 0:33:58]} a5
{[%clk 0:33:34]} 20. a3 {[%clk 0:26:48]} Rcd8 {[%clk 0:31:05]} 21. Ng2
{[%clk 0:21:48]} Nc5 {[%clk 0:31:05]} 22. f4 {[%clk 0:21:48]} c6 {[%clk 0:28:44]}
23. fxe5 {[%clk 0:19:01]} Rxe5 {[%clk 0:28:39]} 24. b4 {[%clk 0:16:58]} axb4
{[%clk 0:27:30]} 25. axb4 {[%clk 0:16:54]} Na6 {[%clk 0:26:59]} 26. b5
{[%clk 0:15:48]} cxb5 {[%clk 0:18:09]} 27. Qb2 {[%clk 0:13:49]} b4
{[%clk 0:13:23]} 28. Rde1 {[%clk 0:12:59]} Rde8 {[%clk 0:09:18]} 29. Nf4
{[%clk 0:11:59]} Nc7 {[%clk 0:07:31]} 30. Qb3 {[%clk 0:10:42]} R5e7
{[%clk 0:06:55]} 31. Bg2 {[%clk 0:10:00]} Qc5 {[%clk 0:06:22]} 32. h3 Nxd5
{[%clk 0:06:43]} 33. Nxd5 {[%clk 0:06:52]} Bxd5 {[%clk 0:07:06]} 34. Qxd5
{[%clk 0:06:30]} Qxd5 {[%clk 0:07:33]} 35. exd5 {[%clk 0:06:48]} Rxe3
{[%clk 0:07:54]} 36. Rxe3 {[%clk 0:07:09]} Rxe3 {[%clk 0:08:16]} 37. Kf2
{[%clk 0:07:09]} 0-1